Statystyki dla Wszyscy mistrzowie ekstraklasy (2021-1998)

Kliknij tutaj aby rozwiązać quiz!

Ogólne statystyki

  • Ten quiz został rozwiązany 241 razy
  • Średni wynik to 22 z 24

Statystyki odpowiedzi

RokKlub% Poprawnych
2021/2022Lech Poznań
100%
2014/2015Lech Poznań
100%
2009/2010Lech Poznań
100%
2005/2006Legia Warszawa
100%
2016/2017Legia Warszawa
100%
2015/2016Legia Warszawa
100%
2019/2020Legia Warszawa
100%
2013/2014Legia Warszawa
100%
2012/2013Legia Warszawa
100%
2001/2002Legia Warszawa
100%
2020/2021Legia Warszawa
100%
2017/2018Legia Warszawa
100%
1998/1999Wisła Kraków
91%
2000/2001Wisła Kraków
91%
2002/2003Wisła Kraków
91%
2003/2004Wisła Kraków
91%
2008/2009Wisła Kraków
91%
2004/2005Wisła Kraków
91%
2007/2008Wisła Kraków
91%
2010/2011Wisła Kraków
91%
2018/2019Piast Gliwice
84%
2011/2012Śląsk Wrocław
74%
2006/2007Zagłębie Lubin
64%
1999/2000Polonia Warszawa
62%

Rozkład punktacji

Percentyl według liczby udzielonych odpowiedzi

Procent ludzi z każdym wynikiem

Twoja historia wyników

Nie rozwiązałeś tego quizu